Work It Out - Joe Jonas, DNCE Remix, lyrics - Statistics

General Stats
  • This quiz has been taken 22 times
  • The average score is 176 of 240
Answer Stats
Lyrics % Correct
A
100%
Be
100%
For
100%
Go
100%
I
100%
It,
100%
It
100%
No,
100%
Now,
100%
Now
100%
On,
100%
So
100%
The
100%
To
100%
You
100%
Your
100%
You’re
100%
You're
100%
And
88%
Come
88%
Do
88%
Don’t
88%
Even
88%
Feelin’
88%
Get
88%
Gonna
88%
Got
88%
Grateful
88%
Joe,
88%
Much
88%
Okay,
88%
Out
88%
Some
88%
That’s
88%
Truth
88%
Up,
88%
Up
88%
What
88%
When
88%
Work
88%
Baddies
75%
But
75%
Daddy,
75%
Hardest
75%
Life's
75%
Makin’
75%
Miserable
75%
Nobody
75%
Okay,
75%
Room
75%
Sad
75%
Saddies
75%
Sometimes
75%
They
75%
Too
75%
Uncomfortable
75%
Wake
75%
Are
63%
At
63%
Bein’
63%
’Cause
63%
Cool
63%
Hello,
63%
Is
63%
Mommy
63%
More
63%
Need
63%
Of
63%
Pull
63%
Remindin’
63%
Remindin'
63%
Stop
63%
Tomorrow
63%
About?
50%
Back
50%
Brush
50%
Called
50%
Had
50%
I'm
50%
Look
50%
Off,
50%
Powers
50%
Right
50%
Save
50%
Shoulders
50%
Therapy
50%
Think
50%
Were
50%
Whinin'
50%
Wish
50%
17
38%
Anxieties
38%
Cares
38%
Days,
38%
Dramatic
38%
Everything
38%
Invisible
38%
Little
38%
Maybe
38%
Nobody's
38%
Said
38%
With
38%
Anxiety's
25%
Away
25%
Beautiful
25%
Bed
25%
Full
25%
Head
25%
Insecurities
25%
It’s
25%
Maniac
25%
Seein’
25%
Wanna
25%
Backwards
13%
Float
13%
(Hey)
0%
(La
0%
La
0%
La) x10
0%
No matching quizzes found
Score Distribution
Percent of People with Each Score
Percentile by Number Answered
Your Score History
You have not taken this quiz